Estado, Iglesia e Inquisición en Indias (Record no. 17998)

MARC details
000 -LEADER
campo de control de longitud fija 01088nam a2200301 i 4500
001 - NÚMERO DE CONTROL
campo de control 17998
003 - IDENTIFICADOR DE NÚMERO DE CONTROL
campo de control ES-MaACL
005 - FECHA Y HORA DE LA ÚLTIMA TRANSACCIÓN
campo de control 20250831024033.0
007 - CAMPO FIJO DE DESCRIPCIÓN FÍSICA--INFORMACIÓN GENERAL
campo de control de longitud fija t|
008 - DATOS DE LONGITUD FIJA--INFORMACIÓN GENERAL
campo de control de longitud fija 010807s2000 sp ||||0| spa j
020 ## - NÚMERO INTERNACIONAL ESTÁNDAR DEL LIBRO
Número Internacional Estándar del Libro 84-259-1126-5
040 ## - FUENTE DE CATALOGACIÓN
Centro catalogador/agencia de origen M-BN
Lengua de catalogación spa
Centro/agencia transcriptor M-BN
080 ## - NÚMERO DE LA CLASIFICACIÓN DECIMAL UNIVERSAL
Número de la Clasificación Decimal Universal 348.581(8=134.2)"15/17"
080 ## - NÚMERO DE LA CLASIFICACIÓN DECIMAL UNIVERSAL
Número de la Clasificación Decimal Universal 322(8=134.2)"15/17"
080 ## - NÚMERO DE LA CLASIFICACIÓN DECIMAL UNIVERSAL
Número de la Clasificación Decimal Universal 348.31(8=134.2)"15/17"
100 1# - ENTRADA PRINCIPAL--NOMBRE DE PERSONA
Nombre de persona Maqueda Abreu, Consuelo.
9 (RLIN) 76278
245 10 - MENCIÓN DEL TÍTULO
Título Estado, Iglesia e Inquisición en Indias
Resto del título : un permanente conflicto /
Mención de responsabilidad, etc. Consuelo Maqueda Abreu.
260 ## - PUBLICACIÓN, DISTRIBUCIÓN, ETC.
Lugar de publicación, distribución, etc. Madrid :
Nombre del editor, distribuidor, etc. Centro de Estudios Políticos y Constitucionales,
Fecha de publicación, distribución, etc. 2000.
300 ## - DESCRIPCIÓN FÍSICA
Extensión 198 p ;
Dimensiones 22 cm.
490 1# - MENCIÓN DE SERIE
Mención de serie Historia de la sociedad política
504 ## - NOTA DE BIBLIOGRAFÍA, ETC.
Nota de bibliografía, etc. Bibliografía: p. 193-198.
650 14 - PUNTO DE ACCESO ADICIONAL DE MATERIA--TÉRMINO DE MATERIA
Término de materia o nombre geográfico como elemento de entrada Inquisición-
Subdivisión geográfica América española
9 (RLIN) 13794
650 #7 - PUNTO DE ACCESO ADICIONAL DE MATERIA--TÉRMINO DE MATERIA
Término de materia o nombre geográfico como elemento de entrada Iglesia y Estado-
Subdivisión geográfica América española
Fuente del encabezamiento o término
9 (RLIN) 157352
710 2# - ENTRADA AGREGADA--NOMBRE DE ENTIDAD CORPORATIVA
Nombre de entidad corporativa o nombre de jurisdicción como elemento de entrada Centro de Estudios Políticos y Constitucionales (España)
9 (RLIN) 2666
830 0# - PUNTO DE ACCESO ADICIONAL DE SERIE-TÍTULO UNIFORME
Título uniforme Historia de la sociedad política
9 (RLIN) 180366
852 ## - LOCALIZACIÓN
Ubicación ES-MaACL
Número de control de estantería L-24810
Sublocalización o colección R.130161
Holdings
Estatus retirado Estado de pérdida Estado de daño No para préstamo Biblioteca de origen Biblioteca actual Ubicación en estantería Fecha de adquisición Fuente de adquisición Total de préstamos Signatura topográfica completa Código de barras Visto por última vez Precio de reemplazo Tipo de ítem Koha
        Biblioteca del Ateneo de Madrid Biblioteca del Ateneo de Madrid Depósito 2 17/01/2008     L-24810 1018389 23/02/2023 23/02/2023 Libro impreso